Papyrus de la Sorbonne : (P. Sorb. IV no 145-160) /
المؤلف الرئيسي:
مؤلفون آخرون:
التنسيق: كتاب
اللغة:
English
French
Ancient Egyptian
منشور في:
Paris :
Presses de l'Universite Paris-Sorbonne,
2016.
سلاسل:
Papyrologica Parisina ;
4.
الموضوعات:
الوسوم: إضافة وسم
رقم الطلب: PA3306 .C16 v.4
| LEADER | 01635namaa2200337 4500 | ||
|---|---|---|---|
| 003 | OSt | ||
| 005 | 20200817084027.0 | ||
| 008 | 130303s2016 fr af g b 001 0 eng d | ||
| 952 | |0 0 |1 0 |2 lcc |3 V.4 |4 0 |6 PA3306 C16 V.00004 |7 1 |9 4987 |a ARCE |b ARCE |d 2020-08-17 |l 0 |o PA3306 .C16 v.4 |p 1017057 |r 2020-08-17 00:00:00 |w 2020-08-17 |y BK | ||
| 999 | |c 8690 |d 8690 | ||
| 020 | |a 9791023105193 | ||
| 040 | |c ARCE Library | ||
| 041 | 1 | |a fre |a egy |h egy | |
| 050 | 0 | 4 | |a PA3306 .C16 v.4 |
| 100 | 1 | |a Chaufray, Marie-Pierre, |d 1980- , |e author |9 27946 | |
| 245 | 1 | 0 | |a Papyrus de la Sorbonne : |b (P. Sorb. IV no 145-160) / |c Marie-Pierre Chaufray |
| 264 | 1 | |a Paris : |b Presses de l'Universite Paris-Sorbonne, |c 2016. | |
| 300 | |a 104 pages, 23 pages of plates : |b color illustrations ; |c 29 cm. | ||
| 336 | |a text |b txt |2 rdacontent | ||
| 337 | |a unmediated |b n |2 rdamedia | ||
| 338 | |a volume |b nc |2 rdacarrier | ||
| 490 | 1 | |a Papyrologica Parisina ; |v 4. | |
| 500 | |a Volume follows p.Sorb I(nos.1 to 68)published by presses universitaires de France in 1966(Helen Cadell),p.Sorb.II(no.69)published by scholars press in 1994(Jean Gascou),and P.Sorb III(nos.70 to 144)published by Presses universitaires de France in 2011(Helen Cadell,Willy Clarysse,and Kennokka Robic) | ||
| 504 | |a Includes bibliographical references (pages 19-23) and index. | ||
| 546 | |a Texts in demotic or hieratic egyptian with france translation;commentary in French. | ||
| 650 | 0 | |a Egyptian language |v Papyri, Demotic. | |
| 650 | 0 | |a Egyptian language |v Papyri, Hieratic. | |
| 700 | 1 | |a Wackenier, Stéphanie. |9 41786 | |
| 830 | 0 | |a Papyrologica Parisina ; |v 4. | |
| 901 | |a reviewed | ||
| 942 | |c BK |2 lcc | ||
